Systems analysis and design / (Record no. 288369)
[ view plain ]
| 000 -LEADER | |
|---|---|
| fixed length control field | 01226cam a2200277Ma 4500 |
| 001 - CONTROL NUMBER | |
| control field | ocn851759099 |
| 003 - CONTROL NUMBER IDENTIFIER | |
| control field | OCoLC |
| 005 - DATE AND TIME OF LATEST TRANSACTION | |
| control field | 20150806153729.0 |
| 008 - FIXED-LENGTH DATA ELEMENTS--GENERAL INFORMATION | |
| fixed length control field | 130402s2013 xx 000 0 eng d |
| 020 ## - INTERNATIONAL STANDARD BOOK NUMBER | |
| International Standard Book Number | 9781285192482 |
| 035 ## - SYSTEM CONTROL NUMBER | |
| System control number | (OCoLC)851759099 |
| Canceled/invalid control number | (OCoLC)851417410 |
| 040 ## - CATALOGING SOURCE | |
| Original cataloging agency | CNCEN |
| Transcribing agency | CNCEN |
| Modifying agency | YDXCP |
| 050 00 - LIBRARY OF CONGRESS CALL NUMBER | |
| Classification number | T 57.6. |
| Item number | .Sy97 2014 |
| 100 1# - MAIN ENTRY--PERSONAL NAME | |
| Personal name | Rosenblatt, Harry J. |
| 245 10 - TITLE STATEMENT | |
| Title | Systems analysis and design / |
| Statement of responsibility, etc | Harry J. Rosenblatt. |
| 250 ## - EDITION STATEMENT | |
| Edition statement | Tenth edition, International edition. |
| 260 ## - PUBLICATION, DISTRIBUTION, ETC. (IMPRINT) | |
| Place of publication, distribution, etc | Australia: |
| Name of publisher, distributor, etc | Cengage Learning, |
| Date of publication, distribution, etc | 2014. |
| 300 ## - PHYSICAL DESCRIPTION | |
| Extent | xix, 668 pages : |
| Other physical details | color illustrations ; |
| Dimensions | 28 cm. |
| 440 #0 - SERIES STATEMENT/ADDED ENTRY--TITLE | |
| Title | Shelly Cashman series. |
| 500 ## - GENERAL NOTE | |
| General note | Previous edition endtered under: G.B. Shelly. |
| 505 0# - FORMATTED CONTENTS NOTE | |
| Formatted contents note | Introduction to systems analysis and design -- Analyzing the business case -- Managing systems projects -- Requirements modeling -- Data and process modeling -- Object modeling -- Development strategies -- User interface design -- Data design -- System architecture -- Managing systems implementation -- Managing systems support and security. |
| 650 #0 - SUBJECT ADDED ENTRY--TOPICAL TERM | |
| Topical term or geographic name as entry element | System analysis. |
| 650 #0 - SUBJECT ADDED ENTRY--TOPICAL TERM | |
| Topical term or geographic name as entry element | System design. |
| 700 1# - ADDED ENTRY--PERSONAL NAME | |
| Personal name | Shelly, Gary B. |
| Title of a work | Systems analysis and design. |
| 942 ## - ADDED ENTRY ELEMENTS (KOHA) | |
| Source of classification or shelving scheme | Library of Congress Classification |
| Koha item type | Books |
| Call number prefix | Foreign |
| Withdrawn status | Lost status | Source of classification or shelving scheme | Damaged status | Home library | Current library | Shelving location | Date acquired | Source of acquisition | Cost, normal purchase price | Sub Shelving location | Total Checkouts | Total Renewals | Full call number | Barcode | Date last seen | Date checked out | Price effective from | Koha item type |
|---|---|---|---|---|---|---|---|---|---|---|---|---|---|---|---|---|---|---|
| Library of Congress Classification | College Library | College Library | Reserve Section | 08/06/2015 | Library Fund | 7378.00 | 2 | 15 | T 57.6. .Sy97 2014 | C19690 | 06/27/2018 | 03/09/2018 | 08/06/2015 | Books |